Bezprecedentný nákup súkromného dlhu centrálnou bankou

Japonská vláda odsúhlasila sanáciu piatej najväčšej banky Resona a tak sa stala majiteľom nadpolovičnej väčšiny kapitálu v tejto banke. Ako došlo k tejto bezprecedentnej situácii. Zlé správy do sveta o japonskej ekonomike.

Salvato in:
Dettagli Bibliografici
Autore principale: Baláž, Vladimír
Natura: Capitolo di libro
Lingua:slovacco
Soggetti:
Tags: Aggiungi Tag
Nessun Tag, puoi essere il primo ad aggiungerne!!

MARC

LEADER 00000naa a2200000 4500
001 r049166
005 20230925124515.5
041 0 |a slo 
044 |a SK 
245 1 0 |a Bezprecedentný nákup súkromného dlhu centrálnou bankou  |c Vladimír Baláž 
520 |a Japonská vláda odsúhlasila sanáciu piatej najväčšej banky Resona a tak sa stala majiteľom nadpolovičnej väčšiny kapitálu v tejto banke. Ako došlo k tejto bezprecedentnej situácii. Zlé správy do sveta o japonskej ekonomike. 
610 2 0 |a banky 
610 2 0 |a bankovníctvo 
610 2 0 |a štát 
610 2 0 |a situácia hospodárska 
610 2 0 |a Japonsko 
100 1 |a Baláž, Vladimír